| 000 | 01060nmm a2200313 a 4500 | ||
|---|---|---|---|
| 001 | ocm0001520522 | ||
| 003 | TR-IsHL | ||
| 005 | 20201028162722.0 | ||
| 008 | 170122s2010 tu tur | ||
| 007 | cr cn | ||
| 020 | _a9789752697836 | ||
| 035 |
_a1520522 _b(N$T) |
||
| 050 | 0 | 4 |
_aBP80.N89 _bC3 2010 |
| 090 | 0 | 4 |
_aBP80.N89 _bC3 2010 |
| 100 | 1 | _aÇağlaroğlu, Taha | |
| 245 | 1 | 0 |
_aRisale-i nur estetiği: aşkın güzellik _h[electronic resource] / _cTaha Çağlaroğlu |
| 260 |
_aİstanbul : _bEtkileşim, _c2010 |
||
| 300 | _a272 p. | ||
| 650 | 4 | _aFelsefe, Psikoloji ve Din | |
| 650 | 4 | _aPhilosophy, Psychology and Religion | |
| 650 | 0 | _aNursi, Bediüzzaman Said,1873-1960 | |
| 650 | 0 |
_aİslam _x İman |
|
| 650 | 0 |
_aIslam _x Faith |
|
| 650 | 0 |
_aKur'an-ı Kerîm _x Eleştiri, yorum, v.b. |
|
| 650 | 0 |
_aKoran _x Criticism, interpretation, etc. |
|
| 650 | 0 | _aCreation (Islam) | |
| 650 | 7 |
_aRELIGION / Islam / History _2bisacsh |
|
| 856 | 4 | 0 | _uhttp://search.ebscohost.com/login.aspx?direct=true&scope=site&db=e011xww&AN=1520522 |
| 999 |
_c14932 _d14932 |
||